000 00456nam a2200181Ia 4500
008 090124s9999 xx 000 0 und d
082 _b126126
100 _aपाटील सुमा
245 _a रागिणी
250 _a1
260 _c1994
300 _a176
600 _aपाटील सुमा
630 _a रागिणी
700 _aपाटील सुमा
730 _a रागिणी
942 _cBOOK
999 _c172216
_d172216